| 000 | 00814nam a22002532 4500 | ||
|---|---|---|---|
| 001 | 0000019037 | ||
| 005 | 20151217145910.0 | ||
| 008 | 100902s xx 000 0 eng d | ||
| 020 | _a0135064066 : | ||
| 040 |
_aKABU _cKABU |
||
| 100 | 1 |
_aColtri, Laurie S. _@0000178591 |
|
| 245 | 1 | 0 |
_aAlternative dispute resolution : _ba conflict diagnosis approach / _cLaurie S. Coltri. |
| 250 | _a2nd ed. | ||
| 260 |
_aBoston : _bPrentice Hall, _c2010. |
||
| 300 | _axxii, 330 p. | ||
| 650 | 0 |
_aDispute resolution (Law) _@0000178592 |
|
| 650 | 0 |
_aMediation. _@0000178593 |
|
| 650 | 0 |
_aConflict management. _@0000153272 |
|
| 650 | 0 |
_aArbitration and award. _@0000140452 |
|
| 650 | 0 |
_aCompromise (Law) _@0000178594 |
|
| 852 | 1 | _9p12538 KES | |
| 908 | _a100902 | ||
| 950 | _@1 | ||
| 999 |
_c3854 _d3854 |
||